[Event "chess.com SpeedChess Q1Sw"]
[Site "chess.com INT"]
[Date "2022.11.10"]
[Round "13"]
[White "Balaji, Aaravamudhan"]
[Black "Rustemov, Alexander"]
[Result "1-0"]
[WhiteTitle "CM"]
[BlackTitle "GM"]
[WhiteElo "2353"]
[BlackElo "2525"]
[WhiteFideId "436224"]
[BlackFideId "4119002"]
[EventDate "2022.11.10"]

1. Nf3 d5 2. g3 Nf6 3. Bg2 Bf5 4. O-O e6 5. d3 h6 6. Nbd2 Be7 7. Qe1 O-O 8. e4
Bh7 9. e5 Nfd7 10. h4 c5 11. Qe2 Nc6 12. Re1 Rc8 13. Nf1 c4 14. dxc4 Nb4 15. Ne3
dxc4 16. a3 Nc6 17. Nxc4 Nb6 18. Ne3 Qc7 19. Bd2 Rfd8 20. Rad1 Na4 21. b3 Nc5
22. Bc3 Ne4 23. Bb2 Bc5 24. b4 Bb6 25. c4 Bxe3 26. Qxe3 Ne7 27. Nd4 Nf5 28. Nxf5
exf5 29. c5 b6 30. Kh2 bxc5 31. f3 Nxg3 32. Kxg3 cxb4 33. axb4 Qc4 34. Rxd8+
Rxd8 35. e6 fxe6 36. Qxe6+ Qxe6 37. Rxe6 Rd2 38. Be5 g5 39. hxg5 hxg5 40. f4
Rd3+ 41. Kf2 gxf4 42. Bxf4 Kf7 43. Ra6 Rb3 44. Bd5+ Kg7 45. Bxb3 Bg6 46. Rxa7+
Kf6 47. Ra6+ Kg7 48. Rxg6+ Kxg6 49. b5 Kf6 50. b6 Ke7 51. b7 1-0

[Event "chess.com SpeedChess Q1Sw"]
[Site "chess.com INT"]
[Date "2022.11.10"]
[Round "13"]
[White "Samadov, Read"]
[Black "Dushyant, Sharma"]
[Result "1-0"]
[WhiteTitle "FM"]
[BlackTitle "IM"]
[WhiteElo "2450"]
[BlackElo "2370"]
[WhiteFideId "13417444"]
[BlackFideId "25065130"]
[EventDate "2022.11.10"]

1. d4 d5 2. c4 e6 3. Nf3 Nf6 4. g3 Be7 5. Bg2 O-O 6. O-O dxc4 7. Qc2 c5 8. dxc5
Nc6 9. Qxc4 e5 10. Nc3 Be6 11. Qb5 Qc7 12. Bg5 a6 13. Qb6 Qc8 14. Bxf6 Bxf6 15.
Rfd1 Bd8 16. Rxd8 Rxd8 17. Ne4 Bd5 18. Nd6 Qb8 19. e4 Be6 20. Ng5 Nd4 21. Rd1
Qa7 22. Qxa7 Rxa7 23. f4 f6 24. fxe5 fxe5 25. Rxd4 exd4 26. Nxe6 Rd7 27. Nxd4 b6
28. e5 bxc5 29. Bd5+ Kf8 30. Ne6+ Ke7 31. Nc8+ Ke8 32. Nxa7 Rxa7 33. Nxc5 a5 34.
a3 a4 35. Bc6+ Ke7 36. Bxa4 Ra8 37. b4 Rd8 38. Bc6 Rd1+ 39. Kg2 Rb1 40. b5 Rc1
41. Ne4 Kd8 42. e6 Re1 43. a4 Rb1 44. a5 Ra1 45. a6 Ke7 46. b6 Rxa6 47. b7 Rb6
48. Bd5 g5 49. Nxg5 h5 50. Ne4 h4 51. gxh4 Rb2+ 52. Kg3 Re2 53. h5 Re1 54. h6
Rg1+ 55. Kf2 Rg6 56. h7 Rh6 57. b8=Q Rxh2+ 58. Qxh2 1-0

[Event "chess.com SpeedChess Q1Sw"]
[Site "chess.com INT"]
[Date "2022.11.10"]
[Round "13"]
[White "Chigaev, Maksim"]
[Black "Xiong, Jeffery"]
[Result "1-0"]
[WhiteTitle "GM"]
[BlackTitle "GM"]
[WhiteElo "2632"]
[BlackElo "2692"]
[WhiteFideId "4108116"]
[BlackFideId "2047640"]
[EventDate "2022.11.10"]

1. Nf3 c5 2. c4 Nf6 3. Nc3 d5 4. cxd5 Nxd5 5. g3 Nc6 6. Bg2 Nc7 7. O-O e5 8. a3
Rb8 9. d3 Be7 10. Be3 O-O 11. Rc1 Bd7 12. h4 b6 13. Ng5 h6 14. Nf3 f5 15. b4 Ne6
16. Nd5 Bd6 17. bxc5 bxc5 18. Bd2 Kh8 19. Bc3 Ncd4 20. Nd2 Bc6 21. e3 Nb5 22.
Nc4 Nxc3 23. Nxc3 Bxg2 24. Kxg2 Bc7 25. Qf3 Qxd3 26. Qd5 Qxd5+ 27. Nxd5 e4 28.
Rfd1 Rfd8 29. Ne7 Rxd1 30. Rxd1 Rb3 31. Nxf5 Rc3 32. Ncd6 Bxd6 33. Rxd6 Nf8 34.
Ra6 Nd7 35. Rxa7 Rd3 36. Ra8+ Kh7 37. Re8 Kg6 38. g4 Nf6 39. Re6 c4 40. Ng3 c3
41. Rc6 Kf7 42. g5 hxg5 43. hxg5 Nd5 44. Nxe4 Ke7 45. a4 Kd7 46. Rc4 Ke7 47. a5
Rxe3 48. a6 c2 49. a7 Rxe4 50. Rxe4+ Kd6 51. Rc4 c1=Q 52. Rxc1 1-0

[Event "chess.com SpeedChess Q1Sw"]
[Site "chess.com INT"]
[Date "2022.11.10"]
[Round "13"]
[White "Salem, A.R. Saleh"]
[Black "Terry, Renato"]
[Result "1-0"]
[WhiteTitle "GM"]
[BlackTitle "IM"]
[WhiteElo "2677"]
[BlackElo "2516"]
[WhiteFideId "9301348"]
[BlackFideId "3803457"]
[EventDate "2022.11.10"]

1. d4 e6 2. c4 Bb4+ 3. Nc3 c5 4. d5 Bxc3+ 5. bxc3 Qa5 6. e4 Nf6 7. f3 d6 8. Bd2
e5 9. Bd3 Nbd7 10. Ne2 Nb6 11. g4 Qa4 12. Qb3 h5 13. g5 Nfd7 14. O-O Nf8 15. f4
Ng6 16. f5 Nf8 17. h4 Bd7 18. Ng3 O-O-O 19. Rf2 Kc7 20. Raf1 Qa6 21. Be2 Ba4 22.
Qb1 Nxc4 23. Bc1 Bb5 24. a4 Bxa4 25. Nxh5 g6 26. fxg6 fxg6 27. Rf7+ Nd7 28. Ng7
Kc8 29. Ne6 Rde8 30. h5 gxh5 31. g6 Nd2 32. Bxa6 Nxb1 33. Bd3 Nxc3 34. g7 Rhg8
35. Bh6 b5 36. Rc1 b4 37. Kf2 Kb7 38. Ra1 Kb6 39. Rxa4 Nxa4 40. Rxd7 Nb2 41.
Rxd6+ Kb7 42. Ba6+ Kb8 43. Nxc5 Re7 44. Rd7 Rxd7 45. Nxd7+ Kc7 46. Nf6 Rxg7 47.
Bxg7 Kb6 48. Be2 h4 49. Nd7+ Kb7 50. Nc5+ Kb6 51. Bxe5 Kxc5 52. Bxb2 a5 53. Bd1
h3 54. Kg3 Kb5 55. d6 a4 56. Bxa4+ Kxa4 57. d7 1-0

[Event "chess.com SpeedChess Q1Sw"]
[Site "chess.com INT"]
[Date "2022.11.10"]
[Round "13"]
[White "Sarana, Alexey"]
[Black "Narayanan, S.L."]
[Result "1-0"]
[WhiteTitle "GM"]
[BlackTitle "GM"]
[WhiteElo "2668"]
[BlackElo "2673"]
[WhiteFideId "24133795"]
[BlackFideId "5058422"]
[EventDate "2022.11.10"]

1. c4 e5 2. Nc3 Bb4 3. Nd5 a5 4. Nf3 d6 5. e3 Ne7 6. Nxb4 axb4 7. d4 Nbc6 8. d5
Na5 9. b3 c5 10. Be2 O-O 11. O-O Ng6 12. a3 bxa3 13. Rxa3 b6 14. Bd2 e4 15. Ne1
Qg5 16. f4 exf3 17. Nxf3 Qe7 18. Bd3 Bd7 19. Qc2 Kh8 20. e4 f6 21. h3 Ne5 22.
Nxe5 fxe5 23. Rxf8+ Rxf8 24. Bxa5 bxa5 25. Qd2 Qh4 26. Qe3 Ra8 27. Qf2 Qe7 28.
Qd2 Qd8 29. Kh2 h6 30. Ra1 a4 31. bxa4 Rxa4 32. Rxa4 Bxa4 33. Qa2 Be8 34. Qa7
Bg6 35. Qa2 Qf6 36. Qe2 h5 37. g3 h4 38. Qe3 hxg3+ 39. Kxg3 Bh5 40. Be2 Qf4+ 41.
Qxf4 exf4+ 42. Kf2 Bg6 43. e5 dxe5 44. d6 Be8 45. Bg4 g5 46. d7 Bxd7 47. Bxd7 e4
48. Bf5 e3+ 49. Kf3 Kg7 50. Bd3 Kf6 51. Ke4 Ke6 52. Be2 Kf6 53. Bg4 Kg6 54. Kd5
Kf6 55. Ke4 Kg6 56. Ke5 Kg7 57. Kd6 Kf6 58. Kd5 Kg6 59. Kxc5 Kf7 60. Kd5 Ke7 61.
c5 1-0

[Event "chess.com SpeedChess Q1Sw"]
[Site "chess.com INT"]
[Date "2022.11.10"]
[Round "13"]
[White "Stribuk, Artiom"]
[Black "Sevian, Samuel"]
[Result "0-1"]
[WhiteTitle "FM"]
[BlackTitle "GM"]
[WhiteElo "2312"]
[BlackElo "2687"]
[WhiteFideId "13515659"]
[BlackFideId "2040506"]
[EventDate "2022.11.10"]

1. d4 d5 2. c4 dxc4 3. e3 b5 4. a4 b4 5. Bxc4 Bb7 6. Nf3 e6 7. O-O Nf6 8. b3
Nbd7 9. Bb2 c5 10. Nbd2 Be7 11. Qe2 O-O 12. Rfd1 a6 13. Rac1 Qb8 14. h3 Rd8 15.
Bd3 cxd4 16. Nxd4 Ne5 17. Bb1 Bd5 18. Nc4 Bxc4 19. bxc4 Bc5 20. Nb3 Ned7 21.
Bxf6 gxf6 22. Rxd7 Rxd7 23. Nxc5 Rd8 24. Ne4 f5 25. Nf6+ Kg7 26. Nh5+ Kh6 27.
Nf4 Qe5 28. Qh5+ Kg7 29. g4 Kh8 30. Qxf7 b3 31. Qxe6 Qb2 32. Rf1 Rf8 33. Bxf5
Qg7 34. c5 b2 35. c6 Rae8 36. Qd7 Re7 37. Qd3 Re5 38. Kh1 Rc5 39. Ne6 Qh6 40.
Qd4+ Kg8 41. Kh2 Rc1 42. Nxf8 Rxf1 43. Qxb2 Kxf8 44. Kg2 Rd1 45. Qh8+ Ke7 46.
Qe5+ Kf7 47. Be4 Qe6 48. Qxe6+ Kxe6 49. c7 Kd7 50. Bxh7 Kxc7 51. g5 Kd8 52. h4
Ke7 53. h5 Ra1 54. h6 Rxa4 55. f4 a5 56. Bf5 Ra2+ 57. Kf3 a4 58. h7 Rh2 59. Kg3
Rh5 60. Kg4 Rh2 61. g6 Kf6 62. Kg3 Rh6 63. Bc2 a3 64. Bb1 Kg7 65. Kf3 Rxg6 66.
e4 Rb6 67. Bd3 a2 0-1

[Event "chess.com SpeedChess Q1Sw"]
[Site "chess.com INT"]
[Date "2022.11.10"]
[Round "13"]
[White "Svane, Rasmus"]
[Black "Bok, Benjamin"]
[Result "1-0"]
[WhiteTitle "GM"]
[BlackTitle "GM"]
[WhiteElo "2619"]
[BlackElo "2618"]
[WhiteFideId "4657101"]
[BlackFideId "1017063"]
[EventDate "2022.11.10"]

1. Nf3 g6 2. e4 Bg7 3. d4 d6 4. Bd3 Nf6 5. c3 O-O 6. O-O Nbd7 7. Re1 e5 8. h3
Re8 9. Bc2 b6 10. Bg5 h6 11. Bh4 Bb7 12. Nbd2 Qe7 13. Qe2 Qf8 14. Qc4 Rac8 15.
Qf1 d5 16. Nxe5 Nxe5 17. dxe5 Rxe5 18. f4 Ree8 19. e5 Nd7 20. Re3 Nc5 21. Rae1
f5 22. exf6 Rxe3 23. Rxe3 Bxf6 24. Bxf6 Qxf6 25. Rg3 Ne4 26. Nxe4 dxe4 27. Bxe4
Bxe4 28. Qc4+ Kh7 29. Qxe4 Rf8 30. Rd3 Rf7 31. Rd4 c5 32. Rd5 Kg7 33. Qe5 Qxe5
34. fxe5 h5 35. a4 Kf8 36. a5 bxa5 37. Rxc5 Rb7 38. Rxa5 Rxb2 39. Rxa7 Re2 40.
Ra5 Rc2 41. Rc5 Kf7 42. h4 Ke6 43. Kh2 Kf5 44. Kh3 Rd2 45. Rc6 Rd3+ 46. g3 Rd1
47. Rf6+ Kxe5 48. Rxg6 Rh1+ 49. Kg2 Rc1 50. Rg5+ Kf6 51. Rxh5 Rxc3 52. Kh3 Rc1
53. Ra5 Rh1+ 54. Kg4 Rb1 55. Ra6+ Kg7 56. h5 Rb4+ 57. Kg5 Rb5+ 58. Kh4 Rc5 59.
g4 Rb5 60. Ra7+ Kh8 61. h6 Rc5 62. g5 Rc6 63. Kh5 Rc8 64. Rf7 Rb8 65. Rf5 Rc8
66. g6 Rb8 67. Rf8+ Rxf8 68. g7+ Kh7 69. gxf8=N+ Kg8 70. Kg6 Kxf8 71. h7 Ke7 72.
h8=Q 1-0

[Event "chess.com SpeedChess Q1Sw"]
[Site "chess.com INT"]
[Date "2022.11.10"]
[Round "13"]
[White "Tarnowska, Aleksandra"]
[Black "Samaganova, Aleksandra"]
[Result "0-1"]
[WhiteTitle "WCM"]
[BlackTitle "WFM"]
[WhiteElo "1835"]
[BlackElo "1884"]
[WhiteFideId "1180967"]
[BlackFideId "13800221"]
[EventDate "2022.11.10"]

1. e4 c5 2. Nf3 e6 3. d4 cxd4 4. Nxd4 a6 5. Nc3 b5 6. Be3 Bb7 7. a3 Qc7 8. Bd3
Nf6 9. O-O d5 10. exd5 Nxd5 11. Nxd5 Bxd5 12. Qg4 Nd7 13. Bf4 Qb6 14. Nf3 Nf6
15. Qg5 Be7 16. Be3 Qb7 17. Be2 O-O 18. Rfe1 Rac8 19. c3 Rfd8 20. Qe5 Ng4 21.
Qg3 Nxe3 22. fxe3 Bc5 23. Nd4 h6 24. Bf3 Bd6 25. Qf2 Qb8 26. g3 Be5 27. Bxd5
Rxd5 28. Rf1 Bf6 29. e4 Rd7 30. Rae1 Rcd8 31. Nf3 Be5 32. Nxe5 Qxe5 33. Re2 f6
34. Qf4 Qc5+ 35. Qf2 Qc4 36. Rfe1 e5 37. Qf3 Rd3 38. Qf2 Rd1 39. Rxd1 Rxd1+ 40.
Re1 Rd3 41. Re3 Rd8 42. Qf1 Qc5 43. Qf2 Qd6 44. Kg2 Qd1 45. Re1 Qd3 46. Re2 Qd1
47. Re1 Qd7 48. Re2 Qe6 49. Rd2 Qe7 50. Rxd8+ Qxd8 51. Kh3 Qd7+ 52. Kg2 Kf7 53.
Qe2 Qc6 54. Qe3 a5 55. Kf2 Kg6 56. Qa7 Qxe4 57. Qxa5 Qc2+ 58. Kf3 Qxb2 59. Kg4
h5+ 60. Kh3 Qb1 61. Qd8 Qf1+ 62. Kh4 Qf2 63. Qe8+ Kf5 64. Qd7+ Kg6 65. Qe8+ Kf5
66. Qxh5+ Ke4 67. Qg4+ Kd3 68. Qd7+ Kxc3 69. Qc6+ Kb3 70. Qxb5+ Kxa3 71. Qa6+
Kb3 72. Qb7+ Kc3 73. Qc7+ Kd3 74. Qd7+ Qd4+ 75. Qxd4+ exd4 76. g4 Ke3 77. Kh5 d3
78. Kg6 d2 79. Kxg7 d1=Q 80. Kxf6 Qxg4 81. Kf7 Qh3 82. Kf8 Qxh2 83. Ke8 Qc7 84.
Kf8 Kf4 85. Ke8 Kf5 86. Kf8 Kf6 0-1

[Event "chess.com SpeedChess Q1Sw"]
[Site "chess.com INT"]
[Date "2022.11.10"]
[Round "13"]
[White "Rohith, Krishna S"]
[Black "Boros, Denes"]
[Result "0-1"]
[WhiteTitle "FM"]
[BlackTitle "GM"]
[WhiteElo "2380"]
[BlackElo "2402"]
[WhiteFideId "46617051"]
[BlackFideId "722340"]
[EventDate "2022.11.10"]

1. Nf3 g6 2. g3 c5 3. Bg2 Bg7 4. O-O Nc6 5. c4 d6 6. Nc3 Nf6 7. d4 cxd4 8. Nxd4
Bd7 9. Nc2 h5 10. h4 Qa5 11. Rb1 Rc8 12. b4 Qd8 13. Nd5 Ne5 14. c5 Bc6 15. Nxf6+
Bxf6 16. Bxc6+ Rxc6 17. Nd4 Rc8 18. cxd6 Qxd6 19. Qa4+ Kf8 20. Qxa7 Nc4 21. Qxb7
Rb8 22. Qf3 Qxd4 23. b5 Kg7 24. a4 Ra8 25. Rb4 Qc5 26. Qb3 Na5 27. Qb1 Rhc8 28.
Be3 Qd5 29. b6 Nb7 30. Rd1 Qc6 31. Rc1 Qd6 32. Rd1 Qe6 33. Re4 Qf5 34. f3 Qh3
35. Bf2 Rcb8 36. Qb5 Nd6 37. Rxd6 exd6 38. Rf4 Rc8 39. Qb1 Rc6 40. Rxf6 Kxf6 41.
Bd4+ Ke6 42. Qe4+ Kd7 43. b7 Rb8 44. Kf2 Qe6 45. Qb1 Qc4 46. Be3 Qxa4 47. Qd3
Qc4 48. Qb1 Rc7 49. Qa1 Rbxb7 50. Qf6 Kc6 51. Bf4 Qd5 52. Qc3+ Kd7 53. Qf6 Qe6
54. Qg7 Rc4 55. Qf8 Rxf4 56. gxf4 Rc7 57. Kg3 Qe7 58. Qg8 Rc2 59. e4 d5 60. Qa8
Rc7 61. Qxd5+ Ke8 62. Qa8+ Qd8 63. Qa3 Re7 64. f5 gxf5 65. Qa1 Qc7+ 66. Kh3 fxe4
67. Qh8+ Kd7 68. Qxh5 e3 69. Qf5+ Ke8 70. Qb1 Qd7+ 71. Kg2 e2 72. Qa1 Kd8 73.
Qa5+ Qc7 74. Qd5+ Ke8 75. Qb5+ Qd7 76. Qb8+ Qd8 77. Qb5+ Kf8 78. Qb2 Kg8 79. Qf6
e1=Q 80. Qg5+ Kf8 81. Qh6+ Ke8 82. Qh8+ Kd7 83. Qd4+ Kc8 84. Qc5+ Rc7 85. Qf5+
Qd7 86. Qa5 Qdd2+ 87. Qxd2 Qxd2+ 88. Kg3 Qd4 89. f4 Rc4 90. Kg4 Qxf4+ 91. Kh5
Qxh4# 0-1

[Event "chess.com SpeedChess Q1Sw"]
[Site "chess.com INT"]
[Date "2022.11.10"]
[Round "13"]
[White "Ter-Sahakyan, Samvel"]
[Black "Gabrielian, Artur"]
[Result "1-0"]
[WhiteTitle "GM"]
[BlackTitle "GM"]
[WhiteElo "2605"]
[BlackElo "2460"]
[WhiteFideId "13302531"]
[BlackFideId "4131002"]
[EventDate "2022.11.10"]

1. d4 Nf6 2. Bg5 g6 3. Nd2 Bg7 4. Ngf3 O-O 5. e4 d6 6. Bd3 c5 7. c3 cxd4 8. cxd4
Nc6 9. O-O Bg4 10. h3 Bxf3 11. Nxf3 Nd7 12. Be3 e5 13. dxe5 Ndxe5 14. Nxe5 dxe5
15. Bc4 Nd4 16. Bd5 Rc8 17. Bxd4 exd4 18. Qd3 Qb6 19. Bb3 a5 20. Rab1 Rfd8 21.
Rfd1 Be5 22. g3 Kg7 23. Kg2 Qa6 24. f4 Qxd3 25. Rxd3 Bb8 26. e5 b5 27. a3 a4 28.
Bd1 f6 29. exf6+ Kxf6 30. h4 h6 31. Kf3 g5 32. fxg5+ hxg5 33. h5 Kf5 34. b3 g4+
35. Kf2 Rc3 36. Be2 Ke4 37. Rbd1 Rf8+ 38. Kg1 Be5 39. bxa4 bxa4 40. Rxc3 dxc3
41. Bd3+ Ke3 42. Bc2 Rh8 43. Rd5 Bxg3 44. Rd3+ Kf4 45. Rxc3 Rxh5 46. Rc4+ Kg5
47. Rxa4 Rh2 48. Bd1 Be5 49. Re4 Kf6 50. Rxe5 Rd2 51. Re1 Ra2 52. a4 Kg5 53. Re2
Ra1 54. Rd2 Kf4 55. Kg2 g3 56. Rd4+ Ke3 57. Rd8 Kf4 58. Rd7 Ra2+ 59. Kg1 Ra1 60.
Rd3 Ke4 61. Rd8 Kf4 62. Rd7 Ra2 63. Rf7+ Ke4 64. Re7+ Kf4 65. Re1 Ra1 66. Rf1+
Ke3 67. Bb3 Ra3 68. Rb1 Kf3 69. Kf1 g2+ 70. Kg1 Kg3 71. Bd1 Re3 72. Rb3 Rxb3 73.
Bxb3 1-0

[Event "chess.com SpeedChess Q1Sw"]
[Site "chess.com INT"]
[Date "2022.11.10"]
[Round "13"]
[White "Sjugirov, Sanan"]
[Black "Petrosyan, Manuel"]
[Result "1/2-1/2"]
[WhiteTitle "GM"]
[BlackTitle "GM"]
[WhiteElo "2712"]
[BlackElo "2621"]
[WhiteFideId "4189302"]
[BlackFideId "13300857"]
[EventDate "2022.11.10"]

1. d4 Nf6 2. Nf3 d5 3. Bf4 Bf5 4. c4 e6 5. Qb3 Nc6 6. c5 Rb8 7. e3 h6 8. Bb5 g5
9. Bg3 Bg7 10. Nc3 O-O 11. Qa4 Ne4 12. Nxe4 Bxe4 13. O-O a6 14. Bxc6 bxc6 15.
Qxc6 Rxb2 16. Qxc7 Qa8 17. Ne5 f6 18. Nd7 Rf7 19. Qd6 Qe8 20. c6 Bd3 21. Rfd1
Bb5 22. Rdc1 Bxc6 23. Rxc6 Rxd7 24. Qxe6+ Qxe6 25. Rxe6 f5 26. Be5 a5 27. Bxg7
Kxg7 28. g3 Rc7 29. Re5 Kf6 30. Rxd5 Rcc2 31. Rf1 Rxa2 32. Rd6+ Kg7 33. Rb1 Rab2
34. Rxb2 Rxb2 35. Rd5 a4 36. Rxf5 a3 37. Ra5 a2 38. Kg2 g4 39. Ra6 h5 40. d5 Kf7
41. e4 Rd2 42. h4 Ke7 43. d6+ Ke6 44. e5 Kxe5 45. d7 Rxd7 46. Rxa2 Kf6 47. Ra5
Kg6 48. Rg5+ Kh6 49. Kf1 Re7 50. Rf5 Re6 51. Rf4 Re5 52. Rd4 Re6 53. Rd3 Kg6 54.
Re3 Ra6 55. Ke2 Ra2+ 56. Kf1 Ra1+ 57. Kg2 Ra2 58. Re5 Ra3 59. Rg5+ Kh6 60. Rf5
Kg6 61. Rf4 Ra2 62. Rc4 Ra3 63. Rc6+ Kg7 64. Kf1 Ra2 65. Ke1 Kh7 66. Rd6 Kg7 67.
Rd2 Ra3 68. Ke2 Kg6 69. Rd3 Ra2+ 70. Ke3 Ra6 71. Ke4 Re6+ 72. Kd5 Rf6 73. Rd2
Rf3 74. Ke5 Rf5+ 75. Ke4 Rf3 76. Rd6+ Kg7 77. Rd5 Kg6 78. Rg5+ Kh6 79. Rf5 Ra3
80. Rf6+ Kg7 81. Re6 Rf3 82. Re5 Kg6 83. Rg5+ Kh6 84. Rf5 Ra3 85. Rf6+ Kg7 86.
Rf4 Ra5 87. Rf5 Ra4+ 88. Ke5 Kg6 89. Rf6+ Kg7 90. Rd6 Ra2 91. Kf5 Rxf2+ 92. Kg5
Rf3 93. Rd7+ Kf8 94. Kxh5 Rxg3 95. Kg5 Ra3 96. Kxg4 Ra5 97. Rd4 Kg8 98. Rf4 Kg7
99. Rf5 Rxf5 100. Kxf5 Kh6 101. h5 Kxh5 1/2-1/2

[Event "chess.com SpeedChess Q1Sw"]
[Site "chess.com INT"]
[Date "2022.11.10"]
[Round "14"]
[White "Naroditsky, Daniel"]
[Black "Mamedov, Rauf"]
[Result "0-1"]
[WhiteTitle "GM"]
[BlackTitle "GM"]
[WhiteElo "2617"]
[BlackElo "2646"]
[WhiteFideId "2026961"]
[BlackFideId "13401653"]
[EventDate "2022.11.10"]

1. d4 d5 2. Nc3 Nf6 3. Bf4 e6 4. Nb5 Na6 5. e3 c6 6. Nc3 Be7 7. Nf3 O-O 8. Bxa6
bxa6 9. O-O a5 10. h3 c5 11. dxc5 Bxc5 12. Be5 Ba6 13. Re1 Rc8 14. Bd4 Bb6 15.
Na4 Nd7 16. Nxb6 axb6 17. e4 dxe4 18. Rxe4 Bb7 19. Rg4 Nf6 20. Rg3 Nh5 0-1

[Event "chess.com SpeedChess Q1Sw"]
[Site "chess.com INT"]
[Date "2022.11.10"]
[Round "14"]
[White "Vokhidov, Shamsiddin"]
[Black "Sjugirov, Sanan"]
[Result "1/2-1/2"]
[WhiteTitle "GM"]
[BlackTitle "GM"]
[WhiteElo "2568"]
[BlackElo "2712"]
[WhiteFideId "14204223"]
[BlackFideId "4189302"]
[EventDate "2022.11.10"]

1. e4 c6 2. Nc3 d5 3. Nf3 Bg4 4. h3 Bxf3 5. Qxf3 e6 6. g3 Bc5 7. Bg2 Ne7 8. O-O
O-O 9. Rd1 Bd4 10. Ne2 Bb6 11. d4 Nd7 12. b3 a5 13. c4 a4 14. Ba3 Re8 15. exd5
exd5 16. Nc3 axb3 17. axb3 Nf6 18. Bxe7 Qxe7 19. Rxa8 Rxa8 20. cxd5 cxd5 21.
Nxd5 Nxd5 22. Qxd5 Rd8 23. Qxb7 Qxb7 24. Bxb7 Rxd4 25. Rc1 g6 26. Rc6 Rb4 27.
Rc8+ Kg7 28. Bd5 Rd4 29. Rc6 Rd1+ 30. Kg2 Bxf2 31. Bxf7 Bxg3 32. Bxg6 hxg6 33.
Kxg3 Rd3+ 34. Kg4 Rxb3 35. h4 Rb4+ 36. Kg3 Rb3+ 37. Kg4 Rb4+ 38. Kg3 Rb3+ 39.
Kg4 1/2-1/2

[Event "chess.com SpeedChess Q1Sw"]
[Site "chess.com INT"]
[Date "2022.11.10"]
[Round "14"]
[White "Sevian, Samuel"]
[Black "Leiva, Gianmarco"]
[Result "1-0"]
[WhiteTitle "GM"]
[BlackTitle "IM"]
[WhiteElo "2687"]
[BlackElo "2366"]
[WhiteFideId "2040506"]
[BlackFideId "3804399"]
[EventDate "2022.11.10"]

1. e4 c5 2. Nf3 d6 3. d4 cxd4 4. Nxd4 Nf6 5. f3 a6 6. c4 e6 7. Nc3 Be7 8. Be2 b6
9. Be3 Bb7 10. Rc1 Nbd7 11. a3 O-O 12. O-O Rc8 13. Qd2 Qc7 14. Rc2 Qb8 15. b4
Rfe8 16. Kh1 Bf8 17. Bg1 Qa8 18. Na4 d5 19. e5 Bc6 20. Nxc6 Qxc6 21. exf6 Qxa4
22. fxg7 Bxg7 23. Rfc1 Nf6 24. Bxb6 dxc4 25. Bxc4 Nd7 26. Bd4 Ne5 27. Bxe5 Bxe5
28. Bb3 Rxc2 29. Qg5+ Bg7 30. Bxa4 h6 31. Rxc2 hxg5 32. Bxe8 1-0

[Event "chess.com SpeedChess Q1Sw"]
[Site "chess.com INT"]
[Date "2022.11.10"]
[Round "14"]
[White "Samaganova, Aleksandra"]
[Black "Borgaonkar, Akshay"]
[Result "0-1"]
[WhiteTitle "WFM"]
[BlackTitle "CM"]
[WhiteElo "1884"]
[BlackElo "2135"]
[WhiteFideId "13800221"]
[BlackFideId "25639110"]
[EventDate "2022.11.10"]

1. c4 Nf6 2. Nc3 g6 3. g3 Bg7 4. Bg2 O-O 5. e3 d6 6. Nge2 e5 7. O-O Re8 8. d4
exd4 9. exd4 c6 10. d5 c5 11. h3 Na6 12. g4 Nc7 13. Bf4 Rb8 14. a4 h5 15. g5 Nh7
16. Qd2 Bf5 17. Ng3 Bc8 18. Nge4 Be5 19. Rae1 Bf5 20. Ng3 Qd7 21. Bxe5 dxe5 22.
Nxf5 Qxf5 23. Ne4 Rbd8 24. Nxc5 Nxg5 25. Re3 e4 26. Rg3 Nf3+ 27. Bxf3 exf3 28.
Nxb7 Rd7 29. Nc5 Rd6 30. Qg5 Qxg5 31. Rxg5 Re2 32. b3 Rc2 33. Re5 f6 34. Re8+
Nxe8 0-1

[Event "chess.com SpeedChess Q1Sw"]
[Site "chess.com INT"]
[Date "2022.11.10"]
[Round "14"]
[White "Mikhailov, Viacheslav"]
[Black "Shimanov, Aleksandr"]
[Result "0-1"]
[WhiteTitle "IM"]
[BlackTitle "GM"]
[WhiteElo "2428"]
[BlackElo "2581"]
[WhiteFideId "4187369"]
[BlackFideId "4198603"]
[EventDate "2022.11.10"]

1. Nf3 d5 2. g3 Nd7 3. d4 Ngf6 4. Bg2 e6 5. O-O c6 6. c4 dxc4 7. a4 a5 8. Qc2 b5
9. Ne5 Nxe5 10. dxe5 Nd5 11. Nc3 Qb6 12. axb5 cxb5 13. Nxd5 exd5 14. Bxd5 Ra7
15. Be3 Bc5 16. Qe4 O-O 17. Bxc5 Qxc5 18. Rfd1 a4 19. e3 Kh8 20. Qh4 Bf5 21. Qf4
Bd3 22. Be4 Bxe4 23. Qxe4 Qb4 24. Rab1 h6 25. Rd6 Re7 26. Qf4 Kg8 27. Ra6 Qc5
28. e6 Rxe6 29. Rxe6 fxe6 30. Qc7 Qxc7 0-1

[Event "chess.com SpeedChess Q1Sw"]
[Site "chess.com INT"]
[Date "2022.11.10"]
[Round "14"]
[White "Gabrielian, Artur"]
[Black "Aaditya, Dhingra"]
[Result "1-0"]
[WhiteTitle "GM"]
[BlackTitle "CM"]
[WhiteElo "2460"]
[BlackElo "2172"]
[WhiteFideId "4131002"]
[BlackFideId "25678191"]
[EventDate "2022.11.10"]

1. e4 c5 2. Nf3 d6 3. d4 cxd4 4. Nxd4 Nf6 5. Nc3 a6 6. Bd3 e5 7. Nde2 Be7 8. O-O
O-O 9. Ng3 Nc6 10. h3 h6 11. Nd5 Be6 12. c4 b5 13. cxb5 axb5 14. Bxb5 Nd4 15.
Bc4 Bxd5 16. exd5 Nd7 17. Be3 Nb6 18. Bd3 Nxd5 19. Bxd4 exd4 20. a3 Nf4 21. Nf5
Bf6 22. Qf3 Nxd3 23. Qxd3 Qb6 24. b4 Rfc8 25. Qf3 Ra7 26. Nxh6+ Kf8 27. Rfe1 Rc4
28. Nf5 Rc3 29. Qh5 1-0

[Event "chess.com SpeedChess Q1Sw"]
[Site "chess.com INT"]
[Date "2022.11.10"]
[Round "14"]
[White "Goltseva, Ekaterina"]
[Black "Harsh, Suresh"]
[Result "0-1"]
[WhiteTitle "FM"]
[BlackTitle "FM"]
[WhiteElo "2265"]
[BlackElo "2280"]
[WhiteFideId "24173770"]
[BlackFideId "45018464"]
[EventDate "2022.11.10"]

1. d4 g6 2. Nf3 Bg7 3. g3 Nf6 4. Bg2 O-O 5. O-O d6 6. Nbd2 c5 7. c3 Nc6 8. e4
cxd4 9. cxd4 Bg4 10. d5 Nd4 11. h3 Bxf3 12. Nxf3 Nxf3+ 13. Qxf3 Nd7 14. Rb1 Qa5
15. a3 Rfc8 16. b4 Qa4 17. Qe2 Rc2 18. Qd1 Rac8 19. h4 R8c7 20. e5 b5 21. e6
fxe6 22. dxe6 Ne5 23. Be4 R2c3 24. Qd5 R3c4 25. Bb2 Qa6 26. f4 Ng4 27. Bxg7 Kxg7
28. Rb3 Qb6+ 29. Kh1 Nf6 30. Qg5 Nxe4 31. Qg4 Nf2+ 32. Rxf2 Qxf2 33. Rf3 Rc1# 0-1

[Event "chess.com SpeedChess Q1Sw"]
[Site "chess.com INT"]
[Date "2022.11.10"]
[Round "14"]
[White "Balaji, Aaravamudhan"]
[Black "Pranav, Anand"]
[Result "1-0"]
[WhiteTitle "CM"]
[BlackTitle "IM"]
[WhiteElo "2353"]
[BlackElo "2502"]
[WhiteFideId "436224"]
[BlackFideId "46626786"]
[EventDate "2022.11.10"]

1. Nf3 Nf6 2. g3 g6 3. Bg2 Bg7 4. O-O O-O 5. d3 d6 6. e4 c5 7. a4 Nc6 8. Na3 Rb8
9. Nc4 Nd7 10. c3 b6 11. Re1 Nde5 12. Ncxe5 dxe5 13. Qc2 Ba6 14. Rd1 Rb7 15. Be3
Rd7 16. Ne1 Qc7 17. a5 Nxa5 18. f4 Bb7 19. Qf2 Nc6 20. f5 a5 21. h4 gxf5 22.
Qxf5 Qd6 23. h5 Kh8 24. h6 Bf6 25. g4 Kg8 26. Nf3 Rc7 27. Kh2 Bc8 28. Qh5 Ba6
29. Rd2 Bc4 30. dxc4 Qe6 31. Rd5 Rd7 32. Bh3 1-0